| 000 | 00603nam a2200181Ia 4500 | ||
|---|---|---|---|
| 008 | 090122s9999 xx 000 0 und d | ||
| 082 |
_b13934 _a891.468 |
||
| 100 |
_aशेवते _bअरुण |
||
| 245 | _aभेटलो दोघे प्रवासी | ||
| 260 |
_bअनघा _c2008 |
||
| 300 | _a102 | ||
| 501 | _a"301 - 29/11/2008 ललित वितरण,पुणे" | ||
| 600 | _aशेवते | ||
| 630 | _aभेटलो दोघे प्रवासी | ||
| 700 | _aशेवते | ||
| 730 | _aभेटलो दोघे प्रवासी | ||
| 942 | _cBOOK | ||
| 999 |
_c38011 _d38011 |
||